Vista normal
Vista MARC
Entrada Término de materia
Número de registros utilizados en: 50
001 - NÚMERO DE CONTROL
- Campo de control: 28425
003 - IDENTIFICADOR DE NÚMERO DE CONTROL
- Campo de control: ES-MaCES
005 - FECHA Y HORA DE LA ULTIMA MODIFICACION
- Campo de control: 20040220132100.0
008 - ELEMENTOS DE DATOS DE LONGITUD FIJA
- Campo de longitud fija: 981120 | azznnbabn || ana d
035 ## - NÚMERO DE CONTROL DEL SISTEMA
- Número de control del sistema: (ILOT)3209
035 ## - NÚMERO DE CONTROL DEL SISTEMA
- Número de control del sistema: CES19980019190s
040 ## - FUENTE DE LA CATALOGACIÓN
- Agencia original de catalogación: ES-MaCES
- Idioma de catalogación: spa
- Agencia de transcripción: ES-MaCES
072 #7 - CÓDIGO DE CATEGORIA DE MATERIA
- Código de categoría temática: 13.10
- Fuente del código: ilot
150 ## - ENCABEZAMIENTO--MATERIA
- Término de materia o geográfico como elemento de entrada: trabajador no calificado
550 ## - TRAZADO VEÁSE ADEMÁS--MATERIA
- Término de materia o nombre geográfica como elemento de entrada: calificación profesional
550 ## - TRAZADO VEÁSE ADEMÁS--MATERIA
- Subcampo de control: g
- Término de materia o nombre geográfica como elemento de entrada: trabajador
670 ## - FUENTE DE DATOS ENCONTRADOS
- Fuente de citación: CD del CES
750 #7 - ENTRADA DE ENLACE DE ENCABEZAMIENTO ESTABLECIDO--MATERIA
- Término de materia o nombre geográfico como elemento de entrada: travailleur non qualifié
- Fuente del encabezamiento o término: tbit
750 #7 - ENTRADA DE ENLACE DE ENCABEZAMIENTO ESTABLECIDO--MATERIA
- Término de materia o nombre geográfico como elemento de entrada: unskilled worker
- Fuente del encabezamiento o término: ilot
901 ## - CES. DATOS SIRTEX
- ID Sirtex (N5N8): 0007700001919
- 005BIS Sirtex: 199811201423BATCH

